[Event "Rated Blitz game"]
[Site "?"]
[Date "2021.07.02"]
[Round "?"]
[White "randy_segarra"]
[Black "KinzyabulatovRenat"]
[Result "0-1"]
[WhiteElo "2581"]
[BlackElo "2407"]
[PlyCount "120"]
[EventDate "2021.??.??"]
[EventType "blitz"]

1. e4 e5 2. Nf3 d5 3. exd5 e4 4. Qe2 Nf6 5. d3 Qxd5 6. Nc3 Bb4 7. Nd2 Bxc3 8.
bxc3 Be6 9. Nxe4 Nc6 10. Nxf6+ gxf6 11. Qe4 Qxe4+ 12. dxe4 O-O-O 13. Bd3 Ne5
14. Ke2 Bc4 15. Rd1 Rd7 16. f4 Nxd3 17. cxd3 Rhd8 18. Be3 Bxd3+ 19. Kf3 Bxe4+
20. Ke2 Bxg2 21. Rxd7 Rxd7 22. Rg1 Be4 23. Bd4 Rd6 24. Rg8+ Kd7 25. Rg7 Bg6 26.
Kf3 f5 27. h4 h5 28. Rg8 Kc6 29. Ra8 a6 30. Ke3 Re6+ 31. Kd2 Re4 32. Be5 Kb6
33. Rc8 c6 34. a3 a5 35. Bd4+ Kb5 36. Rb8 c5 37. Be3 b6 38. Kd3 Ra4 39. c4+ Ka6
40. Bd2 Rxa3+ 41. Bc3 Ra2 42. Be5 Ra3+ 43. Kc2 Ra4 44. Kb3 Rb4+ 45. Kc3 a4 46.
Bc7 a3 47. Be5 Ka7 48. Rd8 a2 49. Rd1 Rb1 50. Kc2 Rxd1 51. Kxd1 Ka6 52. Kc2 b5
53. Kb3 f6 54. cxb5+ Kxb5 55. Bxf6 Bf7+ 56. Kb2 Kc6 57. Kc1 Kd5 58. Kb2 Ke4 59.
Be5 Kf3 60. Ka1 Kg4 {Normal} 0-1

[Event "Rated Blitz game"]
[Site "?"]
[Date "2021.07.02"]
[Round "?"]
[White "derbestewogibt"]
[Black "rofaidah"]
[Result "1-0"]
[WhiteElo "2466"]
[BlackElo "2394"]
[PlyCount "53"]
[EventDate "2021.??.??"]
[EventType "blitz"]

1. e4 e5 2. Nf3 d5 3. d3 dxe4 4. dxe4 Qxd1+ 5. Kxd1 Bg4 6. Nbd2 Bxf3+ 7. Nxf3
Nc6 8. c3 O-O-O+ 9. Kc2 Nf6 10. Bd3 Bc5 11. Rf1 Ng4 12. Bb5 Bxf2 13. h3 Ne3+
14. Bxe3 Bxe3 15. Bxc6 bxc6 16. Nxe5 Rd2+ 17. Kb3 Rxg2 18. Rxf7 Kb7 19. Rd1 Rb8
20. Nc4 Bc5 21. Rdd7 Ka6+ 22. Ka4 Re2 23. Rxc7 Rxe4 24. Rxc6+ Bb6 25. b4 Rxc4
26. Rxc4 Rb7 27. b5# {Normal} 1-0

[Event "Rated Blitz game"]
[Site "?"]
[Date "2021.07.02"]
[Round "?"]
[White "makeouthiillll"]
[Black "Fantastic_power06"]
[Result "0-1"]
[WhiteElo "2578"]
[BlackElo "2635"]
[PlyCount "39"]
[EventDate "2021.??.??"]
[EventType "blitz"]

1. e4 e5 2. Nf3 d5 3. Nxe5 Bd6 4. Nxf7 Kxf7 5. d4 dxe4 6. Bc4+ Kf8 7. O-O Nf6
8. f3 e3 9. Bxe3 Bf5 10. Nc3 Nbd7 11. Ne4 Nb6 12. Bb3 a5 13. a4 h6 14. g4 Bg6
15. c4 Bb4 16. Bf4 Qd7 17. h4 Re8 18. g5 hxg5 19. hxg5 Qh3 20. gxf6 {Normal}
0-1

[Event "Rated Blitz game"]
[Site "?"]
[Date "2021.07.02"]
[Round "?"]
[White "AstorMonserrat"]
[Black "KinzyabulatovRenat"]
[Result "0-1"]
[WhiteElo "2454"]
[BlackElo "2446"]
[PlyCount "50"]
[EventDate "2021.??.??"]
[EventType "blitz"]

1. e4 e5 2. Nf3 d5 3. exd5 e4 4. Qe2 Nf6 5. Nc3 Be7 6. Nxe4 Nxd5 7. d3 O-O 8.
Be3 Re8 9. O-O-O f5 10. Ng3 f4 11. c4 Nxe3 12. fxe3 fxg3 13. hxg3 c5 14. Qc2
Nc6 15. a3 Bf5 16. Kb1 Bf6 17. Rh5 Bg6 18. Rxc5 Rxe3 19. Rd5 Qe7 20. Qb3 Re8
21. Rb5 b6 22. Ka1 Nd4 23. Nxd4 Bxd4 24. Rd5 Bf6 25. d4 Rxb3 {Normal} 0-1

[Event "Rated Blitz game"]
[Site "?"]
[Date "2021.07.02"]
[Round "?"]
[White "Grandstodge"]
[Black "KinzyabulatovRenat"]
[Result "1/2-1/2"]
[WhiteElo "2474"]
[BlackElo "2442"]
[PlyCount "109"]
[EventDate "2021.??.??"]
[EventType "blitz"]

1. e4 e5 2. Nf3 d5 3. exd5 e4 4. Qe2 Nf6 5. d3 Qxd5 6. Nbd2 Nc6 7. dxe4 Qh5 8.
c3 Be6 9. g3 O-O-O 10. Bg2 h6 11. O-O Bg4 12. Qe3 Bc5 13. Qe2 Rhe8 14. b4 Rxd2
15. Bxd2 Rxe4 16. Qd1 Ne5 17. Nxe5 Bxd1 18. Raxd1 Bxf2+ 19. Kxf2 Re2+ 20. Kg1
Qxe5 21. Bf4 Qxc3 22. Bh3+ Re6 23. Bxe6+ fxe6 24. Be5 Qxb4 25. Bxf6 gxf6 26.
Rxf6 Qc5+ 27. Kh1 Qc6+ 28. Kg1 b6 29. Rxh6 Qc5+ 30. Kh1 e5 31. Rh8+ Kb7 32. Re1
Qd5+ 33. Kg1 Qxa2 34. Re8 a5 35. R8xe5 a4 36. h4 a3 37. R5e3 Qb2 38. R1e2 a2
39. Rxb2 a1=Q+ 40. Kf2 Qxb2+ 41. Re2 Qd4+ 42. Re3 b5 43. h5 b4 44. Kf3 c5 45.
h6 Qf6+ 46. Ke2 Qxh6 47. Re5 Kb6 48. g4 Qg6 49. Rf5 Qxg4+ 50. Rf3 Qxf3+ 51.
Kxf3 b3 52. Ke4 b2 53. Kd5 b1=Q 54. Kc4 Qe4+ 55. Kc3 {Time forfeit} 1/2-1/2

[Event "Rated Blitz game"]
[Site "?"]
[Date "2021.07.02"]
[Round "?"]
[White "Neftegor"]
[Black "KinzyabulatovRenat"]
[Result "1-0"]
[WhiteElo "2504"]
[BlackElo "2446"]
[PlyCount "87"]
[EventDate "2021.??.??"]
[EventType "blitz"]

1. e4 e5 2. Nf3 d5 3. exd5 e4 4. Qe2 Nf6 5. d3 Qxd5 6. Nbd2 Nc6 7. dxe4 Qh5 8.
c3 Bg4 9. h3 O-O-O 10. Rg1 Bxf3 11. Qxf3 Qxf3 12. gxf3 g6 13. Nc4 Nh5 14. f4
Re8 15. f3 f5 16. e5 Bh6 17. Kf2 Bxf4 18. Bxf4 Nxf4 19. Re1 b5 20. Na3 Nxe5 21.
Rd1 a6 22. c4 c6 23. Nc2 Kc7 24. cxb5 axb5 25. Kg3 Nh5+ 26. Kf2 Rd8 27. Be2 Nf4
28. Ke3 Nxh3 29. Rxd8 Rxd8 30. Rh1 f4+ 31. Ke4 Nf2+ 32. Kxe5 Nxh1 33. Nd4 Re8+
34. Kxf4 Nf2 35. Kg3 Nd1 36. Bxd1 c5 37. Nxb5+ Kb6 38. Nc3 Rd8 39. Bb3 Rd2 40.
Bg8 h6 41. Kf4 Kc6 42. b3 Kd6 43. Ne4+ Ke7 44. Nxd2 {Normal} 1-0

[Event "Rated Blitz game"]
[Site "?"]
[Date "2021.07.02"]
[Round "?"]
[White "hamidharbi"]
[Black "ALJHoNTANGCo76"]
[Result "0-1"]
[WhiteElo "2257"]
[BlackElo "2411"]
[PlyCount "98"]
[EventDate "2021.??.??"]
[EventType "blitz"]

1. e4 e5 2. Nf3 d5 3. d4 dxe4 4. Nxe5 Bd6 5. Nc4 Nc6 6. Nc3 Nf6 7. Bg5 Bf5 8.
Nd5 Be7 9. Nxe7 Qxe7 10. d5 O-O-O 11. Be2 Ne5 12. O-O h6 13. Bh4 g5 14. Bg3
Rxd5 15. Qe1 Nc6 16. b3 h5 17. h4 Ng4 18. Ne3 Nxe3 19. fxe3 gxh4 20. Bh2 Be6
21. Bc4 Rg5 22. Bf4 Rg4 23. Kh2 Rhg8 24. Rf2 Bxc4 25. bxc4 Ne5 26. Rb1 Rg3 27.
Bxe5 Qxe5 28. Kh1 h3 29. Qb4 b6 30. Qb5 Qd6 31. c5 Qg6 32. cxb6 axb6 33. Qd5
Kb8 34. Qxf7 hxg2+ 35. Kg1 Qxf7 36. Rxf7 h4 37. a4 h3 38. Kh2 g1=Q+ 39. Rxg1
Rxg1 40. a5 Kb7 41. axb6 Kxb6 42. Re7 c6 43. Re6 R8g2+ 44. Kxh3 Rg8 45. Kh2
R1g5 46. Rh6 Rg2+ 47. Kh1 R2g3 48. Kh2 Rg2+ 49. Kh1 Rxc2 {Time forfeit} 0-1

[Event "Rated Blitz game"]
[Site "?"]
[Date "2021.07.02"]
[Round "?"]
[White "Gabriel_Young"]
[Black "KinzyabulatovRenat"]
[Result "1-0"]
[WhiteElo "2445"]
[BlackElo "2458"]
[PlyCount "115"]
[EventDate "2021.??.??"]
[EventType "blitz"]

1. e4 e5 2. Nf3 d5 3. Nxe5 Bd6 4. d4 dxe4 5. Bc4 Bxe5 6. dxe5 Qxd1+ 7. Kxd1 Nc6
8. Bf4 Be6 9. Bxe6 fxe6 10. Nc3 O-O-O+ 11. Kc1 Nge7 12. Nxe4 Ng6 13. Bg3 Ngxe5
14. Ng5 Rde8 15. Re1 h6 16. Ne4 b6 17. b3 Nd7 18. Kb2 e5 19. Rad1 Rhf8 20. Rd2
Nf6 21. Rde2 Nd4 22. Re3 Nf5 23. R3e2 Nxg3 24. Nxg3 Nd7 25. f3 g5 26. Ne4 Re6
27. Rd1 Nf6 28. Rde1 Nd5 29. c4 Nf4 30. Rd2 Rd8 31. Rxd8+ Kxd8 32. Rd1+ Ke8 33.
g3 Ne2 34. Rd3 Nd4 35. Kc3 c5 36. b4 Rc6 37. bxc5 bxc5 38. f4 gxf4 39. gxf4
Ne2+ 40. Kd2 Nxf4 41. Rg3 Rg6 42. Rxg6 Nxg6 43. Nxc5 Ke7 44. Ke3 Kd6 45. Ne4+
Kc6 46. Kf3 h5 47. Kg3 a5 48. a3 a4 49. Kf3 Nf4 50. Kg3 Nd3 51. Kh4 Nb2 52. c5
Nc4 53. Kxh5 Kd5 54. Nf6+ Kxc5 55. Kg6 Nxa3 56. h4 Nc4 57. Ne4+ Kd4 58. h5 {
Time forfeit} 1-0

[Event "Rated Blitz game"]
[Site "?"]
[Date "2021.07.02"]
[Round "?"]
[White "oj_ossa"]
[Black "batasjon"]
[Result "0-1"]
[WhiteElo "2407"]
[BlackElo "2378"]
[PlyCount "56"]
[EventDate "2021.??.??"]
[EventType "blitz"]

1. e4 e5 2. Nf3 d5 3. Nc3 dxe4 4. Nxe4 f5 5. Nxe5 Qd4 6. Nf3 Qxe4+ 7. Be2 Bd6
8. d3 Qc6 9. O-O Ne7 10. Nd4 Qd7 11. c3 O-O 12. Re1 Nbc6 13. Qb3+ Kh8 14. Nb5
a6 15. Nxd6 Qxd6 16. d4 Be6 17. Qc2 Ng6 18. Bg5 f4 19. Bh5 Bf5 20. Qd2 h6 21.
Bxg6 Bxg6 22. Bh4 f3 23. Bg3 Qd7 24. d5 Na7 25. gxf3 Rxf3 26. Be5 Qg4+ 27. Kh1
Rh3 28. Rg1 Be4+ {Normal} 0-1

[Event "Rated Blitz game"]
[Site "?"]
[Date "2021.07.02"]
[Round "?"]
[White "Jano83"]
[Black "rofaidah"]
[Result "1-0"]
[WhiteElo "2425"]
[BlackElo "2402"]
[PlyCount "61"]
[EventDate "2021.??.??"]
[EventType "blitz"]

1. e4 e5 2. Nf3 d5 3. Nxe5 Qe7 4. d4 f6 5. Nd3 dxe4 6. Nf4 Bf5 7. c4 Nc6 8. Nc3
O-O-O 9. Nfd5 Qd7 10. Be3 Nge7 11. Qa4 Nxd5 12. cxd5 Nb4 13. Qxa7 Qd6 14. Rc1
Nxd5 15. Qa8+ Kd7 16. Qxb7 Nxc3 17. Rxc3 Rc8 18. Bb5+ Kd8 19. O-O Qb6 20. Qd5+
Bd6 21. Qxf5 c6 22. Ba4 Rc7 23. d5 Qa5 24. Bxc6 Rf8 25. Qe6 Bb4 26. Rb3 Rcf7
27. a3 Re7 28. Qh3 Bd6 29. Qxh7 g5 30. Qf5 Re5 31. Qd7# {Normal} 1-0

[Event "Rated Blitz game"]
[Site "?"]
[Date "2021.07.02"]
[Round "?"]
[White "man_man_lai"]
[Black "KinzyabulatovRenat"]
[Result "0-1"]
[WhiteElo "2569"]
[BlackElo "2411"]
[PlyCount "56"]
[EventDate "2021.??.??"]
[EventType "blitz"]

1. e4 e5 2. Nf3 d5 3. d4 dxe4 4. Nxe5 Bd6 5. Nc3 Bxe5 6. dxe5 Qxd1+ 7. Nxd1 Nc6
8. Bf4 Be6 9. Nc3 Nge7 10. Nxe4 Ng6 11. Bg3 h5 12. h4 O-O-O 13. c3 Ncxe5 14.
Ng5 Rhe8 15. Be2 Bg4 16. Bxg4+ Nxg4+ 17. Kf1 f6 18. Nf3 f5 19. Re1 f4 20. Bh2
Rxe1+ 21. Kxe1 Re8+ 22. Kf1 c5 23. Bg1 N6e5 24. Ne1 c4 25. Rh3 Kd7 26. Rf3 Nxf3
27. Nxf3 Ne5 28. Nd4 Nd3 {Normal} 0-1

[Event "Rated Blitz tournament K9Q389u0"]
[Site "?"]
[Date "2021.07.02"]
[Round "?"]
[White "Shahinyan_ChessMood"]
[Black "dr_xStranger"]
[Result "1-0"]
[WhiteElo "2655"]
[BlackElo "2497"]
[PlyCount "53"]
[EventDate "2021.??.??"]
[EventType "blitz"]

1. e4 e5 2. Nf3 d5 3. exd5 e4 4. Qe2 Nf6 5. Nc3 Be7 6. Nxe4 O-O 7. d3 Re8 8.
Bd2 Nxd5 9. g3 f5 10. Bg2 fxe4 11. dxe4 Nf6 12. O-O-O Bd7 13. e5 Nd5 14. Nd4 c6
15. c4 Nb6 16. Bc3 c5 17. Ne6 Qc8 18. Nxg7 Bg4 19. f3 Kxg7 20. fxg4 Nc6 21.
Bxc6 Qxc6 22. e6+ Bf6 23. Bxf6+ Kxf6 24. Rhf1+ Kg6 25. Qd3+ Kh6 26. Rf6+ Kg7
27. Rf7+ {Normal} 1-0

[Event "Rated Blitz game"]
[Site "?"]
[Date "2021.07.02"]
[Round "?"]
[White "chessed70"]
[Black "KamranShirazi"]
[Result "1-0"]
[WhiteElo "2635"]
[BlackElo "2573"]
[PlyCount "101"]
[EventDate "2021.??.??"]
[EventType "blitz"]

1. e4 e5 2. Nf3 d5 3. Nxe5 Bd6 4. d4 dxe4 5. Bc4 Bxe5 6. Qh5 Qe7 7. Qxe5 Qxe5
8. dxe5 Be6 9. Bxe6 fxe6 10. Nc3 Nc6 11. Nxe4 Nd4 12. Kd1 O-O-O 13. Bd2 Nh6 14.
c3 Nc6 15. f4 Nf5 16. Ke2 h6 17. g4 Nfe7 18. Be3 Rhf8 19. Rhf1 Nd5 20. Rad1
Nxe3 21. Kxe3 Rxd1 22. Rxd1 Ne7 23. c4 Ng6 24. Rd4 Nxf4 25. Nc5 Ng2+ 26. Ke2
Nf4+ 27. Ke3 Ng2+ 28. Kd3 Nf4+ 29. Ke4 g5 30. Nd7 Rf7 31. Nf6 b6 32. h4 a5 33.
h5 Re7 34. Ng8 Rh7 35. Nf6 Rf7 36. a3 a4 37. c5 b5 38. c6 Kb8 39. Rd8+ Ka7 40.
Rd7 Rf8 41. Rxc7+ Kb6 42. Rh7 Kxc6 43. Rxh6 Kc5 44. Rg6 Kc4 45. Rxg5 Nd5 46. h6
Kb3 47. h7 Ne7 48. Rg8 Nxg8 49. hxg8=Q Rxg8 50. Nxg8 Kxb2 51. Nf6 {Time forfeit
} 1-0

[Event "Rated Blitz tournament Hef7paqt"]
[Site "?"]
[Date "2021.07.01"]
[Round "?"]
[White "LANATER2020"]
[Black "Armament_Haki"]
[Result "0-1"]
[WhiteElo "2520"]
[BlackElo "2532"]
[PlyCount "82"]
[EventDate "2021.??.??"]
[EventType "blitz"]

1. e4 e5 2. Nf3 d5 3. Nxe5 Qe7 4. d4 f6 5. Ng4 dxe4 6. Ne3 f5 7. Nd5 Qd8 8. c4
c6 9. Ndc3 Nf6 10. Bg5 Be7 11. Be2 O-O 12. O-O Be6 13. Bxf6 Bxf6 14. d5 Bf7 15.
Qb3 Qb6 16. Rd1 Qc7 17. d6 Qc8 18. Qc2 Nd7 19. Nd2 Ne5 20. f3 exf3 21. Nxf3
Nxf3+ 22. Bxf3 Qd7 23. c5 Rfe8 24. Re1 Bd4+ 25. Kh1 Bxc5 26. Rxe8+ Rxe8 27. Rd1
Bxd6 28. g3 Qe6 29. b3 Bf8 30. Ne2 g6 31. Nf4 Qe3 32. Kg2 Bg7 33. Rd7 g5 34.
Rxf7 Kxf7 35. Bh5+ Kf8 36. Bxe8 gxf4 37. Qxf5+ Kxe8 38. Qc8+ Kf7 39. Qxb7+ Qe7
40. Qxc6 Qe2+ 41. Kh3 Qe6+ {Normal} 0-1

[Event "Rated Blitz tournament emFROqWz"]
[Site "?"]
[Date "2021.07.01"]
[Round "?"]
[White "sasha_solovev_777"]
[Black "Fantastic_power06"]
[Result "0-1"]
[WhiteElo "2312"]
[BlackElo "2645"]
[PlyCount "32"]
[EventDate "2021.??.??"]
[EventType "blitz"]

1. e4 e5 2. Nf3 d5 3. exd5 e4 4. Qe2 Nf6 5. d3 Qxd5 6. Nc3 Bb4 7. Bd2 Bxc3 8.
Bxc3 O-O 9. dxe4 Nxe4 10. Rd1 Qf5 11. Nd4 Qg6 12. Qf3 Bg4 13. Qd3 Bxd1 14. Qxd1
Nxc3 15. bxc3 Re8+ 16. Be2 Qxg2 {Normal} 0-1

[Event "Rated Blitz tournament sFtC8MYm"]
[Site "?"]
[Date "2021.07.01"]
[Round "?"]
[White "CAMOTE41"]
[Black "cuerosky"]
[Result "0-1"]
[WhiteElo "2507"]
[BlackElo "2232"]
[PlyCount "58"]
[EventDate "2021.??.??"]
[EventType "blitz"]

1. e4 e5 2. Nf3 d5 3. d4 dxe4 4. Nxe5 Bd6 5. Nc4 Nf6 6. Bg5 Be7 7. Nc3 Bf5 8.
Ne3 Bg6 9. Qd2 h6 10. Bh4 O-O 11. O-O-O c6 12. f3 exf3 13. gxf3 Nd5 14. Bxe7
Nxe7 15. Rg1 Nd7 16. Ng4 Nf5 17. Ne4 Nh4 18. Be2 Kh7 19. Qe1 f5 20. Ne5 fxe4
21. Nxd7 Qxd7 22. Qxh4 exf3 23. Rxg6 fxe2 24. Rdg1 Rae8 25. Qe1 Rf1 26. Rxf1
exf1=Q 27. Rxh6+ gxh6 28. Qxf1 Re7 29. Kd2 Qxd4+ {Normal} 0-1

[Event "Rated Blitz tournament y4o48FtA"]
[Site "?"]
[Date "2021.07.01"]
[Round "?"]
[White "VinzentSpitzl"]
[Black "cuerosky"]
[Result "0-1"]
[WhiteElo "2453"]
[BlackElo "2241"]
[PlyCount "88"]
[EventDate "2021.??.??"]
[EventType "blitz"]

1. e4 e5 2. Nf3 d5 3. exd5 e4 4. Qe2 Nf6 5. Nc3 Be7 6. Nxe4 O-O 7. d3 Re8 8. g3
Nxd5 9. Be3 f5 10. Ned2 Bc5 11. d4 Bb4 12. O-O-O f4 13. gxf4 Bg4 14. h3 Bxd2+
15. Rxd2 Nxf4 16. Qc4+ Be6 17. Qb4 Nd5 18. Qxb7 Nxe3 19. fxe3 Bd5 20. Qb4 Nc6
21. Qc5 Bxf3 22. Rg1 Qe7 23. Bc4+ Kh8 24. Qf5 Qxe3 25. Rf1 Qe1+ 26. Rd1 Qe3+
27. Rd2 Be4 28. Qf4 Bg6 29. Qxe3 Rxe3 30. Bd5 Be4 31. Be6 g6 32. Rdf2 Nxd4 33.
Bb3 Nxb3+ 34. axb3 Re8 35. Rf7 Bf5 36. Rxc7 Rxh3 37. Rxa7 Rh2 38. Rc7 Ree2 39.
b4 Rxc2+ 40. Rxc2 Rxc2+ 41. Kd1 Rxb2 42. Rf4 Kg7 43. Kc1 Rb3 44. Kd2 Kf6 {
Time forfeit} 0-1

[Event "Rated Blitz tournament txOKJavH"]
[Site "?"]
[Date "2021.07.01"]
[Round "?"]
[White "SFA_Gang"]
[Black "VVV-31"]
[Result "0-1"]
[WhiteElo "2583"]
[BlackElo "2259"]
[PlyCount "162"]
[EventDate "2021.??.??"]
[EventType "blitz"]

1. e4 e5 2. Nf3 d5 3. d4 dxe4 4. Nxe5 Bd6 5. Nc4 Nf6 6. Nxd6+ Qxd6 7. c3 h6 8.
Na3 a6 9. Nc4 Qe7 10. Bf4 O-O 11. Be2 Be6 12. Ne3 Nd5 13. Nxd5 Bxd5 14. Qd2 c5
15. c4 Be6 16. d5 Bf5 17. g4 Bg6 18. g5 h5 19. O-O Nd7 20. a3 Ne5 21. b4 Nf3+
22. Bxf3 exf3 23. Qe3 Qd7 24. Qxf3 Rfe8 25. bxc5 Be4 26. Qxh5 Qf5 27. Be3 Rad8
28. Rae1 Bf3 29. Qh4 Re4 30. Qg3 Rg4 31. h3 Rxg3+ 32. fxg3 Qe4 33. Rf2 Bh5 34.
Rf4 Qd3 35. Bf2 Bg6 36. h4 Bf5 37. g4 Bd7 38. Kg2 Re8 39. Rxe8+ Bxe8 40. h5
Qxa3 41. Rd4 Bd7 42. Re4 Qd3 43. Rd4 Qe2 44. Kg3 a5 45. g6 fxg6 46. hxg6 a4 47.
Rf4 a3 48. c6 bxc6 49. Bc5 Qd3+ 50. Rf3 Qxg6 51. Bxa3 Qxg4+ 52. Kf2 cxd5 53.
cxd5 Qd4+ 54. Kf1 Qxd5 55. Rg3 Bb5+ 56. Kf2 Qa2+ 57. Kf3 Qxa3+ 58. Kg4 Qxg3+
59. Kxg3 Kf7 60. Kf4 g6 61. Kg5 Kg7 62. Kg4 Kf6 63. Kg3 g5 64. Kg2 Kf5 65. Kg1
g4 66. Kg2 Kf4 67. Kf2 g3+ 68. Kg1 Bc6 69. Kf1 Kg4 70. Kg1 Kh3 71. Kf1 Kh2 72.
Ke2 g2 73. Ke3 g1=Q+ 74. Kd3 Qg4 75. Kc3 Bd5 76. Kd2 Qf3 77. Kc2 Qe3 78. Kb2
Qd3 79. Kc1 Qe2 80. Kb1 Bb3 81. Kc1 Qc2# {Normal} 0-1

[Event "Rated Blitz tournament GjN9weRU"]
[Site "?"]
[Date "2021.07.01"]
[Round "?"]
[White "Kaltwasserbird"]
[Black "olarovfan"]
[Result "0-1"]
[WhiteElo "2306"]
[BlackElo "2570"]
[PlyCount "110"]
[EventDate "2021.??.??"]
[EventType "blitz"]

1. e4 e5 2. Nf3 d5 3. Nxe5 Bd6 4. d4 dxe4 5. Nc4 Nc6 6. Be3 Nf6 7. Nxd6+ Qxd6
8. Be2 Nd5 9. O-O f5 10. c4 Nxe3 11. fxe3 O-O 12. Nc3 f4 13. Nxe4 Qe7 14. Bf3
fxe3 15. Qd3 Bf5 16. Qxe3 Rae8 17. Rae1 Bxe4 18. Qxe4 Qxe4 19. Rxe4 Rxe4 20.
Bxe4 Rxf1+ 21. Kxf1 Nxd4 22. Bxb7 c5 23. Kf2 Kf7 24. Ke3 Ke6 25. Bd5+ Ke5 26.
b3 a5 27. h3 g5 28. Bg8 h5 29. Bf7 h4 30. Bd5 Nc2+ 31. Ke2 Nb4 32. a3 Nc2 33.
a4 Nd4+ 34. Ke3 Nxb3 35. Bc6 Nd4 36. Bb5 Ne6 37. Kf3 Nd4+ 38. Kg4 Kf6 39. g3
hxg3 40. Kxg3 Kf5 41. h4 gxh4+ 42. Kxh4 Ke4 43. Kg3 Kd3 44. Kf4 Nxb5 45. axb5
a4 46. b6 a3 47. b7 a2 48. b8=Q a1=Q 49. Qb3+ Qc3 50. Qd1+ Kxc4 51. Qe2+ Kb4
52. Ke4 Qc4+ 53. Qxc4+ Kxc4 54. Ke3 Kc3 55. Ke2 Kc2 {Normal} 0-1

[Event "Rated Blitz tournament 9ZwZj5nU"]
[Site "?"]
[Date "2021.07.01"]
[Round "?"]
[White "Kenyan_GOAT"]
[Black "olarovfan"]
[Result "0-1"]
[WhiteElo "2254"]
[BlackElo "2564"]
[PlyCount "100"]
[EventDate "2021.??.??"]
[EventType "blitz"]

1. e4 e5 2. Nf3 d5 3. exd5 e4 4. Qe2 Nf6 5. h3 Be7 6. Nd4 Qxd5 7. Qb5+ Bd7 8.
Qxd5 Nxd5 9. c4 Nb4 10. Na3 N8c6 11. Nxc6 Bxc6 12. Be2 O-O-O 13. O-O Bf6 14.
Nb5 Kb8 15. a3 Nc2 16. Rb1 a6 17. Nc3 Nd4 18. Bg4 h5 19. Bd1 g6 20. b4 b5 21.
cxb5 axb5 22. a4 bxa4 23. Nxa4 Bb5 24. Re1 Bd3 25. Rb2 Nb5 26. Ra2 Bd4 27. Nc5
Bxc5 28. bxc5 Kb7 29. Bb3 f5 30. Bb2 Rhf8 31. Bc3 Nxc3 32. dxc3 Kc6 33. c4 Ra8
34. Rb2 Kxc5 35. Bc2 Rfb8 36. Rxb8 Rxb8 37. Bxd3 exd3 38. Rd1 Kxc4 39. Kf1 Rb2
40. g3 c5 41. Kg2 Kd4 42. Kf3 c4 43. Ra1 d2 44. Ke2 Kc3 45. Ra6 Kc2 46. Rd6 c3
47. g4 hxg4 48. hxg4 fxg4 49. f3 gxf3+ 50. Kxf3 d1=Q+ {Normal} 0-1

[Event "Rated Blitz tournament BNuUORnS"]
[Site "?"]
[Date "2021.07.01"]
[Round "?"]
[White "Gambit75"]
[Black "Fantastic_power06"]
[Result "0-1"]
[WhiteElo "2328"]
[BlackElo "2635"]
[PlyCount "62"]
[EventDate "2021.??.??"]
[EventType "blitz"]

1. e4 e5 2. Nf3 d5 3. d4 dxe4 4. Nxe5 Bd6 5. Nc4 Nc6 6. c3 Bf5 7. Be2 Nf6 8.
Bg5 Qe7 9. Nbd2 O-O-O 10. Nf1 h6 11. Bxf6 Qxf6 12. Nfe3 Kb8 13. Nxf5 Qxf5 14.
Nxd6 Rxd6 15. O-O Rg6 16. Kh1 Qg5 17. g3 h5 18. h4 Qe7 19. Qd2 e3 20. Qxe3 Re6
21. Qg5 Rxe2 22. Qxe7 Rxe7 23. Rae1 Rhe8 24. Rxe7 Rxe7 25. Kg2 Kc8 26. b4 Re2
27. a4 Ne7 28. Rd1 Nd5 29. Rd3 Rc2 30. Rf3 f6 31. Rf5 Ne3+ {Normal} 0-1

[Event "Rated Blitz game"]
[Site "?"]
[Date "2021.07.01"]
[Round "?"]
[White "Freiheitskaempfer"]
[Black "BrilliantGambiteer"]
[Result "1/2-1/2"]
[WhiteElo "2429"]
[BlackElo "2395"]
[PlyCount "56"]
[EventDate "2021.??.??"]
[EventType "blitz"]

1. e4 e5 2. Nf3 d5 3. exd5 Bd6 4. d4 e4 5. Ne5 Nf6 6. Bb5+ Nbd7 7. O-O O-O 8.
c4 Nxe5 9. dxe5 Bxe5 10. h3 a6 11. Ba4 b5 12. cxb5 Nxd5 13. bxa6 Rxa6 14. Bb3
Be6 15. Re1 f5 16. Nd2 Kh8 17. Nc4 Bf6 18. Ne3 Nxe3 19. Bxe3 Qxd1 20. Raxd1
Bxb3 21. axb3 Bxb2 22. Bd4 Bxd4 23. Rxd4 Rb8 24. Rc1 h6 25. Rxc7 Rxb3 26. Rdd7
Rg6 27. Rf7 Rxh3 28. Rxf5 e3 {Normal} 1/2-1/2

[Event "Rated Blitz tournament 2J5NcuXp"]
[Site "?"]
[Date "2021.07.01"]
[Round "?"]
[White "emptybrain"]
[Black "batasjon"]
[Result "1-0"]
[WhiteElo "2480"]
[BlackElo "2393"]
[PlyCount "83"]
[EventDate "2021.??.??"]
[EventType "blitz"]

1. e4 e5 2. Nf3 d5 3. exd5 e4 4. Qe2 Nf6 5. d3 Bb4+ 6. Bd2 O-O 7. dxe4 Nxe4 8.
Bxb4 Re8 9. Kd1 Nc6 10. Bd2 Nc3+ 11. Nxc3 Rxe2 12. Bxe2 Nb4 13. Re1 Nxd5 14.
Nxd5 Qxd5 15. Bc4 Qd8 16. Ng5 Bg4+ 17. f3 Bh5 18. Re2 a5 19. a4 Qf6 20. Kc1 Rd8
21. Ra3 h6 22. Ne4 Qd4 23. Rd3 Qxc4 24. Rxd8+ Kh7 25. Nc3 b5 26. axb5 a4 27.
Rd7 Bg6 28. Re1 a3 29. bxa3 c6 30. b6 Qa6 31. b7 Qxa3+ 32. Kd1 Qa1+ 33. Ke2 Qa7
34. Rb1 Qb8 35. g3 Bxc2 36. Rb2 Bg6 37. Bf4 Qe8+ 38. Kf2 Qxd7 39. b8=Q Qd4+ 40.
Kg2 Qxc3 41. Qe5 Qc1 42. Bxc1 {Normal} 1-0

[Event "Rated Blitz game"]
[Site "?"]
[Date "2021.07.01"]
[Round "?"]
[White "Fiery_calm"]
[Black "King_bg03"]
[Result "1-0"]
[WhiteElo "2520"]
[BlackElo "2572"]
[PlyCount "55"]
[EventDate "2021.??.??"]
[EventType "blitz"]

1. e4 e5 2. Nf3 d5 3. Nxe5 Bd6 4. d4 dxe4 5. Nc3 Bxe5 6. dxe5 Qxd1+ 7. Nxd1 Nc6
8. Bf4 Nge7 9. Bb5 Bd7 10. Nc3 Ng6 11. e6 Nxf4 12. exd7+ Kxd7 13. O-O-O+ Ke7
14. g3 Ne6 15. Nd5+ Kf8 16. Rhe1 f5 17. f3 Ncd4 18. Be2 Re8 19. fxe4 fxe4 20.
Bg4 c6 21. Nc3 h5 22. Bh3 Nf3 23. Re2 Neg5 24. Bf5 Kf7 25. h4 Ne6 26. Nxe4 Nfd4
27. Nd6+ Ke7 28. Rxd4 {Normal} 1-0

[Event "Rated Blitz game"]
[Site "?"]
[Date "2021.07.01"]
[Round "?"]
[White "SunshineBand"]
[Black "Fantastic_power06"]
[Result "0-1"]
[WhiteElo "2625"]
[BlackElo "2645"]
[PlyCount "38"]
[EventDate "2021.??.??"]
[EventType "blitz"]

1. e4 e5 2. Nf3 d5 3. Nxe5 Bd6 4. d4 dxe4 5. Nc4 Nc6 6. Nxd6+ Qxd6 7. c3 Nf6 8.
Be2 Bf5 9. O-O h5 10. h3 Ng4 11. hxg4 hxg4 12. g3 Qg6 13. Kg2 O-O-O 14. Rh1 e3
15. f3 Rxh1 16. Qxh1 Bxb1 17. Bxe3 Bd3 18. Qf1 gxf3+ 19. Qxf3 Be4 {Normal} 0-1

[Event "Rated Blitz tournament GjN9weRU"]
[Site "?"]
[Date "2021.07.01"]
[Round "?"]
[White "cesar_r826"]
[Black "Maltinho"]
[Result "0-1"]
[WhiteElo "2539"]
[BlackElo "2558"]
[PlyCount "150"]
[EventDate "2021.??.??"]
[EventType "blitz"]

1. e4 e5 2. Nf3 d5 3. Nxe5 Bd6 4. d4 dxe4 5. Nc4 Nf6 6. Nc3 Nc6 7. Bg5 Bf5 8.
Qd2 Qe7 9. O-O-O O-O-O 10. Nd5 Qf8 11. Nxf6 gxf6 12. Bxf6 Rg8 13. Bxd8 Qxd8 14.
Nxd6+ Qxd6 15. a3 Bg6 16. g3 Bh5 17. Be2 Bg6 18. Rhe1 Rd8 19. Bc4 Bh5 20. Be2
Bg6 21. Qf4 Qxf4+ 22. gxf4 Nxd4 23. Bg4+ f5 24. Bh3 Rd6 25. c3 Ne6 26. Rxd6
cxd6 27. Bf1 Nxf4 28. Rd1 Kc7 29. Rd4 a6 30. a4 Ne6 31. Rd2 Kc6 32. b4 b5 33.
axb5+ axb5 34. Kb2 Nc7 35. Kb3 f4 36. c4 Bf7 37. Kc3 bxc4 38. Bxc4 d5 39. Bf1
h5 40. Kd4 Kd6 41. Rc2 Ne6+ 42. Kc3 d4+ 43. Kd2 e3+ 44. fxe3 dxe3+ 45. Kd1 Nd4
46. Rc8 f3 47. Rd8+ Ke5 48. Rd7 Bb3+ 49. Kc1 e2 50. Bxe2 Nxe2+ 51. Kd2 Nf4 52.
Ke3 Bd5 53. b5 Ne6 54. b6 Nc5 55. Rd8 Nb7 56. Rh8 Nd6 57. Rxh5+ Nf5+ 58. Kf2
Kf4 59. Rh8 Bb7 60. Rf8 Kg4 61. Rf7 Nd6 62. Rd7 Ne4+ 63. Ke3 f2 64. Rf7 Nc3 65.
Kxf2 Nd1+ 66. Ke2 Nc3+ 67. Kd2 Ne4+ 68. Ke3 Bc6 69. Rg7+ Kf5 70. Rc7 Bd5 71. b7
Nf6 72. Rc5 Ng4+ 73. Kd4 Ke6 74. Rxd5 Ne5 75. b8=Q Nf3+ {Time forfeit} 0-1